Normal view
MARC view
- الادب العربي- النقد الادبي-احسان عباس
Entry Topical Term
001 - CONTROL NUMBER
- control field: 14385
003 - CONTROL NUMBER IDENTIFIER
- control field: JO-AjAnu
005 - DATE AND TIME OF LATEST TRANSACTION
- control field: 20230606072610.0
008 - FIXED-LENGTH DATA ELEMENTS
- fixed length control field: 230606|| aca||aabn | a|a d
040 ## - CATALOGING SOURCE
- Original cataloging agency: JO-AjAnu
- Transcribing agency: JO-AjAnu
150 ## - HEADING--TOPICAL TERM
- Topical term or geographic name entry element: الادب العربي- النقد الادبي-احسان عباس
670 ## - SOURCE DATA FOUND
- Source citation: Work cat.: (JO-AjAnu)7391: صبيحي،محي الدين, author 14384, د.إحسان عباس والنقد الأدبي